| 000 | 00899nam a2200265 a 4500 | ||
|---|---|---|---|
| 001 | BRCA_7194 | ||
| 005 | 20190320205739.0 | ||
| 008 | 160112s1952----sp-#######---#000-0#spa-# | ||
| 041 | _aspa | ||
| 044 | _asp | ||
| 050 | 4 |
_aF2260 _b.P67 1952 |
|
| 100 | 1 |
_aPorras Troconis, G. _d1880 _q(Gabriel) _917826 |
|
| 245 | 1 | 0 |
_aHistoria de la cultura en el reino de Granada _cGabriel Porras Troconis. |
| 260 |
_aSevilla, España _bConsejo Superior de Investigaciones Cientiìficas _c1952 |
||
| 300 |
_ax, 555 p. _c21 cm. |
||
| 440 | 0 |
_aPublicaciones de la Escuela de Estudios Hispano-Americanos de Sevilla _n68 _vSerie 2a. _917827 |
|
| 500 | _aP88 | ||
| 650 | 1 | 4 |
_aLiteratura colombiana _917828 |
| 650 | 1 | 4 |
_aInquisición _zColombia _917829 |
| 650 | 1 | 4 |
_aJesuitas en Colombia _917830 |
| 651 | 4 |
_aColombia _xVida intelectual _917831 |
|
| 651 | 4 |
_aColombia _xHistoria _917832 |
|
| 902 | _aGFM | ||
| 942 |
_2lcc _cB |
||
| 999 |
_c6875 _d6875 |
||